Statistics for Suburbs in Randwick City Council

Click here to take the quiz!

General Stats

  • This quiz has been taken 13 times
  • The average score is 10 of 15

Answer Stats

Suburbs% Correct
La Perouse
100%
Randwick
100%
Coogee
86%
Little Bay
86%
Maroubra
86%
Chifley
71%
Kensington
71%
Kingsford
71%
Matraville
71%
Centennial Park
57%
Clovelly
57%
Malabar
57%
South Coogee
57%
Phillip Bay
43%
Port Botany
14%

Score Distribution

Percentile by Number Answered

Percent of People with Each Score

Your Score History

You have not taken this quiz